| 000 | 01088cam a2200313 a 4500 | ||
|---|---|---|---|
| 999 |
_c8096 _d8096 |
||
| 001 | 17043543 | ||
| 003 | OSt | ||
| 005 | 20200131111741.0 | ||
| 008 | 111112s2011 ii b 001 0 eng | ||
| 010 | _a 2011410415 | ||
| 020 | _a9788177082838 | ||
| 020 | _a8177082833 | ||
| 040 |
_aDLC _cDLC _dDLC |
||
| 042 | _apcc | ||
| 043 | _aa-ii--- | ||
| 050 | 0 | 0 |
_aHG3284 _b.A37 2011 |
| 082 | 0 | 0 |
_a332.10954 _223 _bAKH/B |
| 100 |
_aAkhtar, S M Jawed _91053 |
||
| 245 | 1 | 0 |
_aBanking system in India : _breforms and performance evaluation / _cS.M. Jawed Akhtar, Md. Shabbir Alam. |
| 260 |
_aNew Delhi : _bNew Century Publications, _c2011. |
||
| 300 |
_axv, 219 p. ; _c23 cm. |
||
| 504 | _aIncludes bibliographical references (p. [197]-211) and index. | ||
| 650 | 0 |
_aBanks and banking _zIndia. |
|
| 650 | 0 |
_aBanks and banking _zIndia _xEvaluation. |
|
| 700 | 1 |
_aAlam, Md. Shabbir _91693 |
|
| 906 |
_a7 _bcbc _corigres _d2 _encip _f20 _gy-gencatlg |
||
| 942 |
_2ddc _cBK _h332.10954 _iAKH/B _k332.10954 _mAKH/B |
||